000 00702nam a22002057a 4500
999 _c17827
_d17827
003 AR-CdUCM
008 190509b ||||| |||| 00| 0 spa d
040 _aMUNICIPALIDAD PROVINCIAL DEL CUSCO
_cBIBLIOTECA MUNICIPAL DEL CUSCO
082 _a838.9 /
_bF81
100 _aFrank, Leonhard
_934464
245 _aEl hombre es bueno :
_b(De la guerra a la revolución, por el dolor al amor) /
260 _aBuenos Aires :
_bClaridad,
300 _a117 páginas ;
_c19 cm.
505 _aContenido : El padre -- La viuda de la guerra -- La madre -- Los amantes ...
650 _aLiteratura
_983
650 _aGuerra
_91007
650 _aRevolución
_9844
942 _2ddc
_cLIBROS
945 _arah
_d09/05/2019